[Event "Olomouc Chess Summer 2024 - D2"]
[Site "Olomouc (CZE), Hotel Flora"]
[Date "2024.08.15"]
[Round "7"]
[Board "20"]
[White "Tylecek, Drahomir"]
[Black "Zitek, Jiri"]
[Result "1-0"]
[WhiteElo "1881"]
[BlackElo "1773"]
[PlyCount "0"]
[EventDate "2024.08.10"]
[EventRounds "9"]
[EventCountry "CZE"]

1. d4 d6 2. e4 Nf6 3. Nc3 Nbd7 4. Be2 c6 5. Be3 e5 6. f3 Be7 7. Qd2 Qa5 8. Nh3 b5
9. O-O Nf8 10. dxe5 dxe5 11. Nf2 b4 12. Ncd1 Be6 13. f4 Rd8 14. Qc1 exf4 15. Bxf4
Ng6 16. Bg3 h5 17. h3 h4 18. Bh2 Nh5 19. c3 Bg5 20. cxb4 Bxc1 21. bxa5 Bd2 22. Nc3
Be3 23. Rfd1 Ng3 24. Rxd8+ Kxd8 25. Rd1+ Ke7 26. Rd3 Bf4 27. Bxg3 hxg3 28. Ng4 Rb8
29. b3 Bc7 30. a6 Nh4 31. Kf1 Ng6 32. Rd1 Ba5 33. Na4 Bb4 34. Ne3 Bd6 35. Bc4 Nf4
36. Nf5+ Bxf5 37. exf5 Be5 38. Nc5  1-0

[Event "Olomouc Chess Summer 2024 - D2"]
[Site "Olomouc (CZE), Hotel Flora"]
[Date "2024.08.15"]
[Round "7"]
[Board "21"]
[White "Tryhuba, Jaroslav"]
[Black "Bohman, Leif"]
[Result "1-0"]
[WhiteElo "1867"]
[BlackElo "1770"]
[PlyCount "0"]
[EventDate "2024.08.10"]
[EventRounds "9"]
[EventCountry "CZE"]

1. d4 d5 2. c4 c6 3. cxd5 cxd5 4. Nc3 Nf6 5. Bf4 a6 6. e3 e6 7. Nf3 Be7 8. Bd3 O-O
9. Qc2 h6 10. h3 Nc6 11. a3 Bd7 12. g4 Ne8 13. h4 f5 14. gxf5 Nf6 15. Ke2 Nh5 16.
Bxh6 gxh6 17. Rag1+ Kh8 18. Rg6 Rf6 19. Rhg1 Qf8 20. Ne5 Nf4+ 21. Kd2 Nxe5 22. Rg8+
Qxg8 23. Rxg8+ Rxg8 24. dxe5 Rff8 25. exf4 Bxh4 26. Ke3 Rc8 27. Qe2 Be7 28. Qh5 d4+
29. Ke2 Bf8 30. Qf7 Rg7 31. Qh5 Rg8 32. f6  1-0

[Event "Olomouc Chess Summer 2024 - D2"]
[Site "Olomouc (CZE), Hotel Flora"]
[Date "2024.08.16"]
[Round "8"]
[Board "1"]
[White "Petras, Milan"]
[Black "Beil, Zdenek"]
[Result "1/2-1/2"]
[WhiteElo "1985"]
[BlackElo "2185"]
[PlyCount "0"]
[EventDate "2024.08.10"]
[EventRounds "9"]
[EventCountry "CZE"]

1. e4 c5 2. c3 d5 3. exd5 Qxd5 4. d4 e6 5. Nf3 Nf6 6. Bd3 cxd4 7. cxd4 Nc6 8. O-O
Be7 9. Nc3 Qd8 10. a3 O-O 11. Bg5 g6  1/2-1/2

[Event "Olomouc Chess Summer 2024 - D2"]
[Site "Olomouc (CZE), Hotel Flora"]
[Date "2024.08.16"]
[Round "8"]
[Board "2"]
[White "Spanton, Tim R"]
[Black "Sejkora, Vlastimil"]
[Result "1/2-1/2"]
[WhiteElo "1980"]
[BlackElo "2112"]
[PlyCount "0"]
[EventDate "2024.08.10"]
[EventRounds "9"]
[EventCountry "CZE"]

1. e4 g6 2. d4 c6 3. f4 d5 4. e5 h5 5. Nf3 Bf5 6. Nh4 e6 7. Nxf5 gxf5 8. Qf3 Be7
9. Bd2 Nd7 10. Qb3 Qb6 11. Qxb6 axb6 12. a4 h4 13. Be2 Kd8 14. Nc3 Nh6 15. Rg1 Rg8
16. Kf2 Kc7 17. Nd1 Ng4+ 18. Bxg4 Rxg4 19. Kf3 Rgg8 20. Nf2 c5 21. Bc3 Nb8 22. b3
Nc6 23. Rad1 b5 24. axb5 Na7 25. b6+ Kxb6 26. dxc5+ Bxc5 27. Bd4 Bxd4 28. Rxd4 Nc6
29. Rd2 Ra2 30. Rgd1 Rc8 31. Nh3 Nb4 32. c4 Ra3 33. cxd5 Rxb3+ 34. Kf2 Nxd5 35. Ng5
Rc7 36. Nf3 Rc4 37. g3 hxg3+ 38. hxg3 Nc3 39. Rd6+ Kc5 40. R1d3 Ne4+ 41. Ke3 Rb2
42. Rd7 b5 43. Rxf7 Nxg3 44. Nd4 Nf1+ 45. Kf3 Rxd4 46. Rc7+ Kb6 47. Rxd4 Kxc7 48.
Rd6 Rb3+ 49. Kf2 Nh2 50. Kg2 Ng4 51. Rxe6 Re3 52. Re7+ Kc6 53. Rf7 Kd5 54. Rxf5 Ke4
55. Rf8 Nxe5 56. fxe5 Kxe5 57. Kf2 Rc3 58. Rb8 Rb3 59. Ke2 Kd4 60. Kd2 Kc4 61. Kc2
Rh3 62. Rc8+ Kb4 63. Rg8 Rh2+ 64. Kb1 Ka4 65. Rg4+ b4 66. Rg3 Rf2 67. Rh3 b3 68.
Rh8  1/2-1/2

[Event "Olomouc Chess Summer 2024 - D2"]
[Site "Olomouc (CZE), Hotel Flora"]
[Date "2024.08.16"]
[Round "8"]
[Board "3"]
[White "Keprt, Pavel"]
[Black "Fleuren, Jan"]
[Result "1/2-1/2"]
[WhiteElo "1954"]
[BlackElo "2049"]
[PlyCount "0"]
[EventDate "2024.08.10"]
[EventRounds "9"]
[EventCountry "CZE"]

1. e4 c5 2. f4 d5 3. exd5 Nf6 4. Bb5+ Nbd7 5. Nf3 Nxd5 6. Ne5 e6 7. O-O Bd6 8. d3
a6 9. Bxd7+ Bxd7 10. Nc3 Nxc3 11. bxc3 Qc7 12. Qe2 O-O 13. Bd2 Rae8 14. Rae1 f6 15.
Nxd7 Qxd7 16. Qg4 f5 17. Qf3 Be7 18. Re5 b6 19. Rfe1 Bf6 20. R5e3 g6 21. Qe2 Kf7
22. Rh3 Kg8 23. Re3 Kf7 24. Rb1 Qd6 25. Qf3 Re7 26. Re2 Rc7 27. Kf2 Re8 28. g3 Qc6
29. Rbe1  1/2-1/2

[Event "Olomouc Chess Summer 2024 - D2"]
[Site "Olomouc (CZE), Hotel Flora"]
[Date "2024.08.16"]
[Round "8"]
[Board "4"]
[White "Ortoft, Kai"]
[Black "Siebenburger, Vlastimil"]
[Result "1/2-1/2"]
[WhiteElo "1968"]
[BlackElo "1943"]
[PlyCount "0"]
[EventDate "2024.08.10"]
[EventRounds "9"]
[EventCountry "CZE"]

1. d4 Nf6 2. Nf3 e6 3. g3 b6 4. Bg2 Bb7 5. O-O Be7 6. c4 O-O 7. Nc3 d5 8. cxd5 exd5
9. Bf4 c5 10. h3 Nh5 11. Bxb8 Rxb8 12. e3 Nf6 13. Ne5 a6 14. a4 Qc7 15. Rc1 Rfd8
16. Qf3 Bd6 17. Nd3 Ne4 18. Rfd1 c4 19. Nf4 Bxf4  1/2-1/2

[Event "Olomouc Chess Summer 2024 - D2"]
[Site "Olomouc (CZE), Hotel Flora"]
[Date "2024.08.16"]
[Round "8"]
[Board "5"]
[White "Marek, Jiri"]
[Black "Green, Per"]
[Result "0-1"]
[WhiteElo "1948"]
[BlackElo "1960"]
[PlyCount "0"]
[EventDate "2024.08.10"]
[EventRounds "9"]
[EventCountry "CZE"]

1. e4 c5 2. Nf3 e6 3. d4 cxd4 4. Nxd4 Nc6 5. Nc3 Qc7 6. Be3 a6 7. Be2 b5 8. O-O Bb7
9. f4 Bc5 10. Bf3 Bxd4 11. Bxd4 Nxd4 12. Qxd4 f6 13. Rad1 Rc8 14. Rf2 Bc6 15. Ne2
e5 16. Qe3 Ne7 17. Qb3 h5 18. Qe3 Ng6 19. f5 Nh4 20. Ng3 Nxf3+ 21. Qxf3 h4 22. Nf1
Qb7 23. Re2 Qb6+ 24. Kh1 Qc5 25. h3 a5 26. Qe3 Qb4 27. c3 Qa4 28. b3 Qa3 29. Rc2
Qe7 30. c4 bxc4 31. Rxc4 Rb8 32. Rdc1 Kf7 33. Nd2 Qa3 34. R1c2 a4 35. Qc5 Qxc5 36.
Rxc5 g6 37. fxg6+ Kxg6 38. Kg1 axb3 39. axb3 Ra8 40. Kf2 Rhb8 41. R5c4 Ra3 42. R4c3
Ra1 43. Rc4 Kh5 44. Rc5 Ra3 45. R2c3 Rb4 46. R3c4 Rxc4 47. Rxc4 Ra2 48. Ke3 Ra3 49.
Rc5 Ra2 50. Kd3 Ra1 51. Ke2 Kg5 52. Rc3 Ra2 53. Ke3 Rb2 54. Rc5 Kg6 55. Rc3 f5 56.
exf5+ Kxf5 57. Nf3 Bxf3 58. Kxf3 d5 59. g4+ hxg3 60. Kxg3 e4 61. h4 Rb1 62. Kf2 d4
63. Rc4 Rb2+ 64. Kg3 Rxb3+  0-1

[Event "Olomouc Chess Summer 2024 - D2"]
[Site "Olomouc (CZE), Hotel Flora"]
[Date "2024.08.16"]
[Round "8"]
[Board "6"]
[White "Kisa, Lubomir"]
[Black "Papay, Jindrich"]
[Result "1-0"]
[WhiteElo "2188"]
[BlackElo "1941"]
[PlyCount "0"]
[EventDate "2024.08.10"]
[EventRounds "9"]
[EventCountry "CZE"]

1. d4 f5 2. Nc3 Nf6 3. Bg5 c6 4. g4 Ne4 5. Nxe4 fxe4 6. Qd2 d5 7. f3 h6 8. Bf4 Nd7
9. Bg2 Nf6 10. h4 Qb6 11. O-O-O Be6 12. Nh3 Bf7 13. g5 Nd7 14. fxe4 dxe4 15. Bxe4
O-O-O 16. Qc3 e5 17. dxe5 Bb4 18. Qf3 Bxa2 19. Bf5 Qa5 20. Rxd7 Be6 21. Rxd8+ Kxd8
22. Qd3+ Ke7 23. c3 Bxf5 24. Qxf5 Ba3 25. Qc2 Bc5 26. gxh6 gxh6 27. Kb1  1-0

[Event "Olomouc Chess Summer 2024 - D2"]
[Site "Olomouc (CZE), Hotel Flora"]
[Date "2024.08.16"]
[Round "8"]
[Board "7"]
[White "Urban, Zdenek"]
[Black "Dvorak, Vladimir"]
[Result "1-0"]
[WhiteElo "2167"]
[BlackElo "1931"]
[PlyCount "0"]
[EventDate "2024.08.10"]
[EventRounds "9"]
[EventCountry "CZE"]

1. Nf3 e6 2. c4 f5 3. g3 Nf6 4. Bg2 Be7 5. O-O O-O 6. Nc3 d6 7. d4 Qe8 8. b3 Nbd7
9. Bb2 Qh5 10. Ne1 g5 11. e4 Qg6 12. exf5 exf5 13. Nd3 Re8 14. Re1 Nf8 15. Nb5 Bd8
16. Rxe8 Nxe8 17. Qe2 c6 18. Re1 Bd7 19. Nc3 Bf6 20. d5 Qg7 21. Qd2 Ng6 22. f4 g4
23. c5 Bd4+ 24. Kh1 Rd8 25. cxd6 Nxd6 26. Ne5 Bxe5 27. fxe5 Ne8 28. dxc6 bxc6 29.
e6  1-0

[Event "Olomouc Chess Summer 2024 - D2"]
[Site "Olomouc (CZE), Hotel Flora"]
[Date "2024.08.16"]
[Round "8"]
[Board "8"]
[White "Tarakanov, Oleg"]
[Black "Mlynek, Petr"]
[Result "1/2-1/2"]
[WhiteElo "2108"]
[BlackElo "1979"]
[PlyCount "0"]
[EventDate "2024.08.10"]
[EventRounds "9"]
[EventCountry "CZE"]

1. e4 c6 2. d4 d5 3. Nc3 dxe4 4. Nxe4 Nf6 5. Nxf6+ exf6 6. Nf3 Bd6 7. Be2 O-O 8.
O-O Re8 9. Be3 Nd7 10. Qd3 Nf8 11. Rfd1 Qa5 12. d5 c5 13. Nd2 Qc7 14. g3 Ng6 15.
Nc4 Ne5 16. Nxd6 Qxd6 17. Qb5 Bd7 18. Qxb7 Reb8 19. Qa6 Qxa6 20. Bxa6 Rxb2 21. c3
Bb5 22. Bc1 Bxa6 23. Bxb2 Be2 24. f4 Bxd1 25. fxe5 Bf3 26. c4 Rb8 27. Ba3 fxe5 28.
Bxc5 Rc8 29. Rb1 h5 30. d6 Bg4 31. Bxa7 Rxc4 32. Rb7 Rc1+ 33. Kf2 Rd1 34. Bc5 e4
35. a4 Rd3 36. a5 e3+ 37. Bxe3 Rxd6 38. Bb6 Rd2+ 39. Ke3 Ra2 40. Ra7 Be2 41. Bd4
Bf1 42. h4 Ra3+ 43. Kf2 Bb5  1/2-1/2

[Event "Olomouc Chess Summer 2024 - D2"]
[Site "Olomouc (CZE), Hotel Flora"]
[Date "2024.08.16"]
[Round "8"]
[Board "9"]
[White "Bjornes, Leif"]
[Black "Kubicek, Antonin"]
[Result "1/2-1/2"]
[WhiteElo "1909"]
[BlackElo "2084"]
[PlyCount "0"]
[EventDate "2024.08.10"]
[EventRounds "9"]
[EventCountry "CZE"]

1. d4 Nf6 2. c4 g6 3. Nc3 Bg7 4. e4 d6 5. f3 Nbd7 6. Be3 a6 7. Bd3 c5 8. Nge2 cxd4
9. Nxd4 Ne5 10. Be2 Bd7 11. Rc1 Rc8 12. b3 Qa5 13. Qd2 b5 14. cxb5 axb5 15. Bxb5
Bxb5 16. Ndxb5 Neg4 17. O-O Nxe3 18. Qxe3 O-O 19. Kh1 Rc5 20. a4 Rfc8 21. Ne2 Qb4
22. Rxc5 dxc5 23. Qc3 Nd5 24. Qxb4 Nxb4 25. Rd1 f5 26. Nf4 c4 27. bxc4 Rxc4 28. Ne6
fxe4 29. Nxg7 e3 30. Kg1 e2 31. Rd8+ Kxg7 32. Kf2 Rc2 33. Ke1 Nc6 34. Rd2 Rc4 35.
Rxe2 Rxa4  1/2-1/2

[Event "Olomouc Chess Summer 2024 - D2"]
[Site "Olomouc (CZE), Hotel Flora"]
[Date "2024.08.16"]
[Round "8"]
[Board "10"]
[White "Lorenc, Oldrich"]
[Black "Musil, Vitezslav"]
[Result "1/2-1/2"]
[WhiteElo "2013"]
[BlackElo "1904"]
[PlyCount "0"]
[EventDate "2024.08.10"]
[EventRounds "9"]
[EventCountry "CZE"]

1. c4 Nf6 2. Nc3 g6 3. g3 Bg7 4. Bg2 e5 5. e4 O-O 6. Nge2 Nc6 7. O-O d6 8. d3 Bg4
9. f3 Be6 10. Nd5 Bxd5 11. cxd5 Ne7 12. Be3 c6 13. dxc6 bxc6 14. d4 Nd7 15. dxe5
Nxe5 16. Rc1 Rb8 17. b3 c5 18. Qd2 Qb6 19. Rfd1 Rfd8 20. Nc3 N5c6 21. f4 Nd4 22.
Qf2 Rbc8 23. g4 Kh8 24. f5 gxf5 25. gxf5 Bf6 26. Ne2 Nxe2+ 27. Qxe2 Nc6 28. Kh1 Ne5
29. Rd5 Rg8 30. Rcd1 Rc6 31. Bf4 Qb8 32. Bf3 Bg7 33. Bh5 f6 34. Bxe5 dxe5 35. Bf7
Rf8 36. Qh5 Qb4 37. Rd7 Qxe4+ 38. Kg1 Qe3+ 39. Kf1 Qf4+ 40. Kg2 Ra6 41. a4 e4 42.
Bc4 Rb6 43. Rxa7 Rd6 44. Rxd6 Qxd6 45. Qg4 Qd2+ 46. Kg3 Qe3+ 47. Kg2 Qd2+ 48. Kg3
Qe3+  1/2-1/2

[Event "Olomouc Chess Summer 2024 - D2"]
[Site "Olomouc (CZE), Hotel Flora"]
[Date "2024.08.16"]
[Round "8"]
[Board "11"]
[White "Hruska, Vladimir"]
[Black "Kamminga, Rob"]
[Result "0-1"]
[WhiteElo "1892"]
[BlackElo "1998"]
[PlyCount "0"]
[EventDate "2024.08.10"]
[EventRounds "9"]
[EventCountry "CZE"]

1. e4 c6 2. Nf3 d5 3. Nc3 Bg4 4. h3 Bxf3 5. Qxf3 Nf6 6. e5 Nfd7 7. d4 e6 8. Ne2 c5
9. c3 Nc6 10. Qe3 Qb6 11. a3 Qb3 12. Nf4 cxd4 13. cxd4 Qb6 14. Ne2 Rc8 15. g3 Na5
16. b4 Nc4 17. Qd3 a5 18. bxa5 Qxa5+ 19. Bd2 Qa6 20. a4 b5 21. a5 Nxd2 22. Kxd2 Nb6
23. axb6 Qxa1 24. Qxb5+ Kd8 25. Bg2 Qa2+ 26. Ke3 Qa3+ 27. Qd3 Qxd3+ 28. Kxd3 Rb8
29. Rb1 Kd7 30. Nc3 Be7 31. Na4 Rhc8 32. Bf3 Rc4 33. Bd1 Kc8 34. Rb5 Kb7 35. Rb1
Ra8 36. Ra1 Rc6 37. Ra2 Rxb6 38. Nxb6 Rxa2  0-1

[Event "Olomouc Chess Summer 2024 - D2"]
[Site "Olomouc (CZE), Hotel Flora"]
[Date "2024.08.16"]
[Round "8"]
[Board "12"]
[White "Stancak, Andrej"]
[Black "Bartos, Alois"]
[Result "1-0"]
[WhiteElo "1986"]
[BlackElo "1931"]
[PlyCount "0"]
[EventDate "2024.08.10"]
[EventRounds "9"]
[EventCountry "CZE"]

1. e4 c5 2. Nf3 e6 3. d4 cxd4 4. Nxd4 Nc6 5. Nc3 Qc7 6. Be3 Nf6 7. Bd3 Be7 8. O-O
d6 9. Qe2 Bd7 10. f4 Nxd4 11. Bxd4 e5 12. Be3 exf4 13. Rxf4 Bc6 14. Raf1 O-O 15.
Bd4 Bd7 16. Rxf6 Bxf6 17. Rxf6 gxf6 18. Nd5  1-0

[Event "Olomouc Chess Summer 2024 - D2"]
[Site "Olomouc (CZE), Hotel Flora"]
[Date "2024.08.16"]
[Round "8"]
[Board "13"]
[White "Postolati, Alexander"]
[Black "Kruska, Vladimir"]
[Result "1/2-1/2"]
[WhiteElo "1855"]
[BlackElo "1893"]
[PlyCount "0"]
[EventDate "2024.08.10"]
[EventRounds "9"]
[EventCountry "CZE"]

1. d4 d5 2. Nf3 Nf6 3. c4 c6 4. Qb3 e6 5. g3 Be7 6. Bg2 O-O 7. O-O Nbd7 8. Nc3 Re8
9. Rd1 Bd6 10. Nd2 Qb6  1/2-1/2

[Event "Olomouc Chess Summer 2024 - D2"]
[Site "Olomouc (CZE), Hotel Flora"]
[Date "2024.08.16"]
[Round "8"]
[Board "14"]
[White "Jenssen, Ove S"]
[Black "Kulhavy, Frantisek"]
[Result "1-0"]
[WhiteElo "1857"]
[BlackElo "1889"]
[PlyCount "0"]
[EventDate "2024.08.10"]
[EventRounds "9"]
[EventCountry "CZE"]

1. e4 d6 2. d4 Nf6 3. Bd3 Bg4 4. Ne2 Nc6 5. c3 a6 6. h3 Bh5 7. O-O e6 8. f4 h6 9.
e5 Nd5 10. g4 Bg6 11. Bxg6 fxg6 12. Qd3 Nce7 13. Ng3 Qd7 14. a3 O-O-O 15. exd6 Qxd6
16. b4 Qc6 17. a4 Qb6 18. Na3 Nc6 19. Nc4 Qa7 20. Bd2 Ndxb4 21. Qxg6 Nxd4 22. Be3
Nbc2 23. cxd4 Nxa1 24. Rxa1 Bd6 25. Ne4 Bxf4 26. Bf2 Rhf8 27. d5 Bh2+ 28. Kg2 exd5
 1-0

[Event "Olomouc Chess Summer 2024 - D2"]
[Site "Olomouc (CZE), Hotel Flora"]
[Date "2024.08.16"]
[Round "8"]
[Board "15"]
[White "Franc, Lubor"]
[Black "Tejkal, Jiri"]
[Result "1/2-1/2"]
[WhiteElo "1838"]
[BlackElo "1882"]
[PlyCount "0"]
[EventDate "2024.08.10"]
[EventRounds "9"]
[EventCountry "CZE"]

1. e4 c6 2. d4 d5 3. e5 Bf5 4. Bd3 Bg6 5. Ne2 e6 6. Nf4 Bxd3 7. Qxd3 Ne7 8. c3 Ng6
9. O-O Nd7 10. Be3 a6 11. Nd2 c5 12. Rfc1 Be7 13. Nf3 Nxf4 14. Bxf4 O-O 15. Qe3 Rc8
16. Bg5  1/2-1/2

[Event "Olomouc Chess Summer 2024 - D2"]
[Site "Olomouc (CZE), Hotel Flora"]
[Date "2024.08.16"]
[Round "8"]
[Board "16"]
[White "Svub, Jan"]
[Black "Fiala, Jiri"]
[Result "1-0"]
[WhiteElo "1882"]
[BlackElo "1855"]
[PlyCount "0"]
[EventDate "2024.08.10"]
[EventRounds "9"]
[EventCountry "CZE"]

1. d4 Nf6 2. c4 e6 3. g3 Be7 4. Bg2 O-O 5. Nf3 d5 6. O-O Nbd7 7. b3 b6 8. cxd5 exd5
9. Bb2 Bb7 10. Nbd2 c5 11. Rc1 Rc8 12. Rc2 Rc7 13. Qa1 Qa8 14. Rfc1 Rfc8 15. e3 Bf8
16. dxc5 bxc5 17. Ne5 Nb6 18. Nd3 Nbd7 19. Ne5 Nb6 20. Nd3 Nbd7 21. Bh3 Rd8 22. Ba3
h5 23. Nxc5 Nxc5 24. Bxc5 Ng4 25. Bxf8 Rxc2 26. Qxg7#  1-0

[Event "Olomouc Chess Summer 2024 - D2"]
[Site "Olomouc (CZE), Hotel Flora"]
[Date "2024.08.16"]
[Round "8"]
[Board "17"]
[White "Brousek, Jiri"]
[Black "Tylecek, Drahomir"]
[Result "1-0"]
[WhiteElo "1822"]
[BlackElo "1881"]
[PlyCount "0"]
[EventDate "2024.08.10"]
[EventRounds "9"]
[EventCountry "CZE"]

1. d4 Nf6 2. Nf3 g6 3. Nc3 d5 4. Bf4 Bg7 5. e3 O-O 6. Be2 c6 7. h4 Bg4 8. Ne5 Bxe2
9. Qxe2 Nbd7 10. O-O-O Nxe5 11. Bxe5 Nd7 12. Bxg7 Kxg7 13. h5 e5 14. f4 exf4 15.
exf4 Re8 16. Qf3 Qe7 17. hxg6 fxg6 18. Rh3 Nf6 19. g4 Rad8 20. Rdh1 Qd7 21. g5 Nh5
22. f5 Qd6 23. f6+ Kf7 24. Rxh5 gxh5 25. Qxh5+ Ke6 26. Qh3+  1-0

[Event "Olomouc Chess Summer 2024 - D2"]
[Site "Olomouc (CZE), Hotel Flora"]
[Date "2024.08.16"]
[Round "8"]
[Board "18"]
[White "Chubar, Vladimir"]
[Black "Lizner, Milan"]
[Result "1/2-1/2"]
[WhiteElo "1877"]
[BlackElo "1820"]
[PlyCount "0"]
[EventDate "2024.08.10"]
[EventRounds "9"]
[EventCountry "CZE"]

1. d4 f5 2. g3 Nf6 3. Bg2 g6 4. Nd2 Bg7 5. e4 fxe4 6. Nxe4 O-O 7. Nxf6+ exf6 8. Nf3
d5 9. O-O c6 10. b3 Bg4 11. h3 Bf5 12. Nh4 Be6 13. Qd2 Qd7 14. Kh2 Na6 15. Ba3 Rfe8
16. f4 Bf7 17. Nf3 Nc7 18. Rae1 Nb5 19. Bb2 Nd6 20. Qd3 Rxe1 21. Rxe1 Re8 22. Rxe8+
Qxe8 23. Nd2 Nf5 24. Nf1 Bf8 25. c4 Bd6 26. c5 Bc7 27. Bc3 Qe6 28. Kg1 Be8 29. Bd2
Bd7 30. b4 Kg7 31. a4 a6 32. Kf2 h5 33. Ne3 Nxe3 34. Qxe3 Qxe3+ 35. Kxe3 Kf7 36.
Bf1 Bd8 37. Kd3 f5 38. Kc3 Bf6 39. h4 Ke6 40. Be3 Bd8 41. Kb3 Be8 42. Bd2 Bf6 43.
Bc3 Bd8 44. b5 axb5 45. axb5 cxb5 46. Kb4 Bc6 47. Bxb5 Kd7 48. Ka4 Bf6 49. Kb4 Bd8
50. Bd3 Ke6 51. Bb5 Kd7 52. Ba4 Bxa4 53. Kxa4 Kc6 54. Ba5 Bf6 55. Bc3 Bd8  1/2-1/2

[Event "Olomouc Chess Summer 2024 - D2"]
[Site "Olomouc (CZE), Hotel Flora"]
[Date "2024.08.16"]
[Round "8"]
[Board "19"]
[White "Macoun, Jiri"]
[Black "Tryhuba, Jaroslav"]
[Result "1/2-1/2"]
[WhiteElo "1709"]
[BlackElo "1867"]
[PlyCount "0"]
[EventDate "2024.08.10"]
[EventRounds "9"]
[EventCountry "CZE"]

1. e4 c5 2. Bc4 Nc6 3. a3 Nf6 4. Nc3 e6 5. d3 Be7 6. Ba2 O-O 7. f4 d5 8. e5 Ne8 9.
Nf3 f6 10. O-O Nc7 11. Qe1 Qe8 12. Qg3 Qh5 13. Bd2 Bd7 14. Rae1 fxe5 15. Nxe5 Bh4
16. Qh3 Be8 17. g3 Bf6 18. Qxh5 Bxh5 19. Nxc6 bxc6 20. Na4 Rfe8 21. c3 Rab8 22. Bc1
Na6 23. h3 Bg6 24. Rf3 c4 25. dxc4 Bc2 26. cxd5 exd5 27. Rxe8+ Rxe8 28. b3 Rb8 29.
Be3  1/2-1/2

[Event "Olomouc Chess Summer 2024 - D2"]
[Site "Olomouc (CZE), Hotel Flora"]
[Date "2024.08.16"]
[Round "8"]
[Board "20"]
[White "Voegerl, Ronald"]
[Black "Rychlik, Zdenek"]
[Result "1/2-1/2"]
[WhiteElo "1948"]
[BlackElo "1815"]
[PlyCount "0"]
[EventDate "2024.08.10"]
[EventRounds "9"]
[EventCountry "CZE"]

1. d4 e5 2. dxe5 Nc6 3. Nf3 Qe7 4. g3 Nxe5 5. Nxe5 Qxe5 6. Bg2 Nf6 7. O-O d6 8. Nc3
Be7 9. e4 Bd7 10. Re1 Bc6 11. f4 Qc5+ 12. Be3 Qh5 13. Bf3 Qh3 14. Nd5 Qd7 15. Nxe7
Qxe7 16. e5 Bxf3 17. Qxf3 dxe5 18. Bd4 O-O 19. Rxe5 Qd7 20. c3 c6 21. Rae1 Nd5 22.
c4 Nb6 23. Qc3 Rad8 24. Bxb6 axb6 25. Re7 Qc8 26. Qe5 Rd7 27. Re8 Rd8 28. Re7 Rd7
29. Rxd7 Qxd7 30. f5 Rd8 31. f6 gxf6 32. Qxf6 Qd4+ 33. Qxd4 Rxd4 34. Re7 Rxc4 35.
Rxb7 Rc1+ 36. Kg2 Rc2+ 37. Kf3 Rxb2 38. a4 c5 39. a5 Ra2 40. Rxb6 Rxa5 41. Ke4 Ra2
42. Rc6 Rc2 43. Kd3 Rxh2 44. Rxc5 Rf2 45. Rg5+ Kf8 46. Ke3 Rf1 47. Rg4 h6 48. Ke2
Rf6 49. Ra4 Kg7 50. Rb4 h5 51. Ra4 Kg6 52. Rb4 Kg5 53. Ra4 Re6+ 54. Kf3 f5 55. Rb4
Re4 56. Rb8 Re6 57. Rd8  1/2-1/2

[Event "Olomouc Chess Summer 2024 - D2"]
[Site "Olomouc (CZE), Hotel Flora"]
[Date "2024.08.16"]
[Round "8"]
[Board "21"]
[White "Hewson, Brian W R"]
[Black "Kolek, Josef"]
[Result "1-0"]
[WhiteElo "2052"]
[BlackElo "1853"]
[PlyCount "0"]
[EventDate "2024.08.10"]
[EventRounds "9"]
[EventCountry "CZE"]

1. Nf3 g6 2. g3 Bg7 3. Bg2 d6 4. d4 Nf6 5. O-O O-O 6. Nc3 Nc6 7. e4 Bg4 8. h3 Bxf3
9. Bxf3 e5 10. d5 Ne7 11. Be3 a6 12. Qd2 Ne8 13. Bg2 f6 14. Ne2 f5 15. f4 Nf6 16.
fxe5 dxe5 17. c4 Nxe4 18. Bxe4 fxe4 19. Rxf8+ Bxf8 20. Nc3 Nf5 21. Nxe4 Nxe3 22.
Qxe3 Bg7 23. Rf1 Qe7 24. Qb3 b6 25. c5 Qd7 26. cxb6 cxb6 27. d6+ Kh8 28. Qxb6 Qxh3
29. Qb7 Qc8 30. Qxc8+ Rxc8 31. d7 Rd8 32. Rd1 Bf8 33. Ng5  1-0

[Event "Olomouc Chess Summer 2024 - D2"]
[Site "Olomouc (CZE), Hotel Flora"]
[Date "2024.08.17"]
[Round "9"]
[Board "1"]
[White "Beil, Zdenek"]
[Black "Spanton, Tim R"]
[Result "1/2-1/2"]
[WhiteElo "2185"]
[BlackElo "1980"]
[PlyCount "0"]
[EventDate "2024.08.10"]
[EventRounds "9"]
[EventCountry "CZE"]

1. d4 d5 2. Nf3 e6 3. c4 Nf6 4. g3 Bb4+ 5. Bd2 Be7 6. Qc2 O-O 7. Bg2 Nbd7 8. O-O
c6 9. a4 b6 10. Rc1 Ba6 11. b3 dxc4 12. bxc4 c5 13. a5 Bb7 14. e3 Qc7 15. Nc3 Rfc8
16. Qb3 Qd8 17. d5 exd5 18. Nxd5 Nxd5 19. a6 Bxa6 20. Rxa6 Nc7 21. Ra2 a5 22. Bc3
Bf6 23. Rd1 Bxc3 24. Qxc3 Qf6 25. Qxf6 Nxf6 26. Ne5 Rd8 27. Rb1 Ra6 28. Bb7 Rda8
29. Rab2 a4 30. Rxb6 Rxb6 31. Rxb6 a3 32. Bxa8 a2 33. Rb8+ Nce8 34. Nd7 a1=Q+ 35.
Kg2 g6 36. Nxf6+ Qxf6 37. Rxe8+ Kg7 38. Bd5 Qd6 39. e4 g5 40. e5 Qc7 41. e6 fxe6
42. Rxe6 h6 43. Re4 Qd6 44. h4 gxh4 45. Rxh4 Qf6 46. Re4 Qb2 47. Re6 Qc3 48. Rc6
Qd4 49. Ra6 Qd1 50. Ra2 Qd4 51. Ra8 Qc3 52. f3 Qc2+ 53. Kh3 Qf5+ 54. g4 Qb1 55. Kg3
Qg1+ 56. Kf4 Qd4+  1/2-1/2

[Event "Olomouc Chess Summer 2024 - D2"]
[Site "Olomouc (CZE), Hotel Flora"]
[Date "2024.08.17"]
[Round "9"]
[Board "2"]
[White "Sejkora, Vlastimil"]
[Black "Petras, Milan"]
[Result "1-0"]
[WhiteElo "2112"]
[BlackElo "1985"]
[PlyCount "0"]
[EventDate "2024.08.10"]
[EventRounds "9"]
[EventCountry "CZE"]

1. c4 c6 2. Nc3 d5 3. d4 Nf6 4. Nf3 e6 5. Bg5 Be7 6. e3 Nbd7 7. Rc1 O-O 8. Bd3 h6
9. Bh4 dxc4 10. Bxc4 Nd5 11. Bg3 Nxc3 12. bxc3 b5 13. Bd3 Bb7 14. O-O a6 15. Qe2
c5 16. e4 Nb6 17. Bc2 cxd4 18. cxd4 Ba3 19. Rcd1 Qe7 20. Bh4 Qc7 21. Bg3 Qe7 22.
Bh4 g5 23. Bg3 f6 24. h4 Nc4 25. Bb3 Rac8 26. Nh2 f5 27. exf5 exf5 28. Be5 Bd5 29.
Qh5 Rc6 30. Rfe1 Qf7 31. Qxf7+ Kxf7 32. hxg5 Rg6 33. Rd3 Bb4 34. Rb1 Be4 35. Bxc4+
bxc4 36. Rxb4 cxd3 37. Nf1 hxg5 38. f3 Bd5 39. Rb2 Rc8 40. Rd2 Rc1 41. Kf2 Bxa2 42.
Ne3 Bc4 43. Nxc4 Rxc4 44. Rxd3 Ke6 45. Ra3 Kd7 46. Ke3 Rb6 47. g4 fxg4 48. fxg4 Rc1
49. Ke4 Rf1 50. Rh3 Rf7 51. Rc3 Kd8 52. Rc4 a5 53. Ra4 Rb5 54. Ra2 Kc8 55. Kd3 Kb7
56. Kc4 Ka6 57. Bd6 Rf1 58. Bc5 Rc1+ 59. Kd5 Rb8 60. Re2 Rd8+ 61. Kc6 Rc8+ 62. Kd5
Kb5 63. Rb2+ Ka4 64. Ra2+ Kb5 65. Rb2+ Ka4 66. Ra2+ Kb3 67. Ra3+ Kb2 68. Rxa5 Rg1
69. Ke6 Rxg4 70. d5 Rc4 71. Be7 g4 72. d6 Rg8 73. Kf7 Rb8 74. Rg5 Rb7 75. Ke6 Re4+
76. Kd5 Rf4 77. Kc6 Rbb4 78. d7 Rbd4 79. Rd5 Rxd5 80. Kxd5 Rf1 81. Bd6 Rd1+ 82. Ke6
g3 83. d8=Q g2 84. Qb6+ Kc2 85. Qc6+  1-0

[Event "Olomouc Chess Summer 2024 - D2"]
[Site "Olomouc (CZE), Hotel Flora"]
[Date "2024.08.17"]
[Round "9"]
[Board "3"]
[White "Green, Per"]
[Black "Urban, Zdenek"]
[Result "0-1"]
[WhiteElo "1960"]
[BlackElo "2167"]
[PlyCount "0"]
[EventDate "2024.08.10"]
[EventRounds "9"]
[EventCountry "CZE"]

1. c4 e5 2. g3 f5 3. d4 exd4 4. Qxd4 Nc6 5. Qe3+ Be7 6. Bg2 Nf6 7. Bd2 O-O 8. Nc3
Nb4 9. O-O-O Ng4 10. Qd4 Kh8 11. Nh3 Bf6 12. Qc5 a5 13. f4 d6 14. Qg1 Be6 15. a3
Bxc4 16. axb4 axb4 17. Nb1 Ra2 18. Bc3 bxc3 19. Nxc3 Bxc3 20. bxc3 Qa8  0-1